01003nas a2200277 4500001001300000003000900013005001700022007000300039008003400042040005400076041000900130072001300139100002300152100002700175100002200202100001900224100002000243100001900263245012000282246010800402650001800510650003300528650000900561650003000570773012500600BR2012002932BR-BrBNA20231205120457.0ta230509b bl.|||p| |||| 00| 00por d aBR-BrBNAbporcBiblioteca Nacional de Agricultura a(Pt) aC30; L701 aMendonça, J.F.P.1 aBarbosa Júnior, H.V.1 aSá, C.V.G.C. de1 aVargas, J.L.R.1 aAnjos, A.C. dos1 aMelo, C.B. de 1 aProdução da informação dos sistemas de vigilância epidemiológica em saúde animal: uma breve revisão1 aProduction of information of the epidemiological surveillance system in animal health: a brief revision aVETERINÁRIA aTECNOLOGIA DA INFORMAÇÃO aDADO aSISTEMA DE INFORMAÇÃO0 tRevista Brasileira de Medicina Veterinária (Brazil)xISSN 0100-2410g(Oct-Dec 2011), v. 33(4) p. 203-209wBR2012002932